Game of thrones / (Record no. 3655)

MARC details
000 -LEADER
fixed length control field 00638cam a2200193 4500
001 - CONTROL NUMBER
control field 4420
005 - DATE AND TIME OF LATEST TRANSACTION
control field 20181127173346.0
008 - FIXED-LENGTH DATA ELEMENTS--GENERAL INFORMATION
fixed length control field 951011s1996 nyua 000 1 eng
010 ## - LIBRARY OF CONGRESS CONTROL NUMBER
LC control number 95043936
020 ## - INTERNATIONAL STANDARD BOOK NUMBER
International Standard Book Number 9780007428540
100 1# - MAIN ENTRY--PERSONAL NAME
Personal name Martin, George R. R.
245 12 - TITLE STATEMENT
Title Game of thrones /
Statement of responsibility, etc. George R.R. Martin.
260 ## - PUBLICATION, DISTRIBUTION, ETC.
Place of publication, distribution, etc. London :
Name of publisher, distributor, etc. HarperCollins,
Date of publication, distribution, etc. 2011.
300 ## - PHYSICAL DESCRIPTION
Extent 801 p. :
Other physical details ill. ;
Dimensions 25 cm.
490 1# - SERIES STATEMENT
Series statement A song of ice and fire ;
Volume/sequential designation bk. 1
500 ## - GENERAL NOTE
General note Includes two maps covering the territory of A game of thrones on endpapers.
655 #7 - INDEX TERM--GENRE/FORM
Genre/form data or focus term Fantasy fiction.
Source of term gsafd
800 1# - SERIES ADDED ENTRY--PERSONAL NAME
Personal name Martin, George R. R.
Title of a work Song of ice and fire ;
Volume/sequential designation bk. 1.
Holdings
Withdrawn status Lost status Source of classification or shelving scheme Damaged status Not for loan Collection code Home library Current library Shelving location Date acquired Serial Enumeration / chronology Inventory number Total Checkouts Total Renewals Full call number Barcode Date last seen Date last checked out Copy number Price effective from Koha item type
    Dewey Decimal Classification     Fiction RTC Library RTC Library Fiction 17/03/2021 7987 13 13 FIC 813.54 MAR 30006875 27/11/2023 14/08/2023 1 27/11/2018 Fiction
Royal Thimphu College || All Right Reserved